[Event "Ruhrgebiet Verbandsliga Gruppe 2 1819"]
[Site "Nordrheinwestfalen"]
[Date "2019.01.20"]
[Round "5"]
[White "Brixius, Dirk"]
[Black "Muck, Markus"]
[Result "1-0"]
[WhiteElo "1775"]
[BlackElo "1125"]
[PlyCount "73"]
[EventDate "2018.09.23"]
[EventType "team-tourn"]
[EventRounds "9"]
[EventCountry "GER"]
[SourceTitle "EXT 2022"]
[Source "ChessBase"]
[SourceDate "2021.10.06"]
[SourceVersion "1"]
[SourceVersionDate "2021.10.06"]
[SourceQuality "1"]
[WhiteTeam "Essen Werden"]
[BlackTeam "Buer SF"]
[WhiteTeamCountry "GER"]
[BlackTeamCountry "GER"]

1. c4 g6 2. d4 Bg7 3. Nc3 b6 4. Nf3 Bb7 5. Bf4 Bxf3 6. gxf3 Nf6 7. e4 Nh5 8. Be3 e6 9. Be2 c6 10. e5 Qh4 11. Qd2 h6 12. Ne4 a5 13. 0-0-0 Na6 14. Nd6+ Ke7 15. Rhg1 Nc7 16. f4 Ne8 17. Ne4 d6 18. Bf3 Rc8 19. Rg4 Qxh2 20. Rh1 Qxh1+ 21. Bxh1 d5 22. cxd5 cxd5+ 23. Nc3 Nc7 24. Kb1 Kd7 25. Bf3 Bf8 26. Na4 Bb4 27. Qd1 Na8 28. a3 Be7 29. Be2 Kd8 30. Qb3 Rb8 31. Bd2 Kc7 32. Rg1 Rhc8 33. Ba6 Rd8 34. Rc1+ Bc5 35. dxc5 bxc5 36. Bxa5+ Kd7 37. Nxc5+ 1-0